MARC details
| 000 -CABECERA |
| campo de control de longitud fija |
03970ngm a22004574i 4500 |
| 001 - NÚMERO DE CONTROL |
| campo de control |
991061311297206706 |
| 003 - IDENTIFICADOR DEL NÚMERO DE CONTROL |
| campo de control |
ES-BaIT |
| 005 - FECHA Y HORA DE LA ÚLTIMA TRANSACCIÓN |
| campo de control |
20260416150307.0 |
| 008 - DATOS DE LONGITUD FIJA--INFORMACIÓN GENERAL |
| campo de control de longitud fija |
250404s2002 gw ||| |-|||||q|| vlest|c |
| 024 4# - IDENTIFICADOR DE OTROS ESTÁNDARES |
| Número estándar o código |
4006680103785 |
| 028 40 - NÚMERO DE EDITOR O DISTRIBUIDOR |
| Número de editor o de distribuidor |
100 378 |
| Fuente |
Arthaus |
| 040 ## - FUENTE DE LA CATALOGACIÓN |
| Centro catalogador/agencia de origen |
ES-BaIT |
| Lengua de catalogación |
cat |
| Normas de descripción |
rda |
| Centro/agencia transcriptor |
ES-BaIT |
| 041 0# - CÓDIGO DE LENGUA |
| Código de lengua del texto cantado o hablado |
est |
| Código de lengua de la tabla de contenido |
eng |
| -- |
ger |
| -- |
fre |
| -- |
spa |
| Código de lengua de los subtítulos |
eng |
| -- |
ger |
| -- |
fre |
| -- |
spa |
| 080 ## - NÚMERO DE LA CLASIFICACIÓN DECIMAL UNIVERSAL |
| Número de la Clasificación Decimal Universal |
793.5(086.8) |
| 130 0# - ENTRADA PRINCIPAL--TÍTULO UNIFORME |
| Título uniforme |
Bamboo dream (Coreografia) |
| 9 (RLIN) |
169277 |
| 245 10 - MENCIÓN DE TÍTULO |
| Título |
Bamboo dream / |
| Mención de responsabilidad, etc. |
Cloud Gate Dance Theatre of Taiwan ; choreography by Lin Hwai-Min ; music by Arvo Pärt ; flute Huang Shenk-Kai ; technical director Joost Winckelhagen ; executive producer Swantje Ehrentreich ; producer Bernhard Fleischer; directed for DVD by Ross MacGibbon |
| 264 #1 - PRODUCCIÓN, PUBLICACIÓN, DISTRIBUCIÓN, FABRICACIÓN Y COPYRIGHT |
| Producción, publicación, distribución, fabricación y copyright |
Munich : |
| Nombre del de productor, editor, distribuidor, fabricante |
ArtHaus Musik, |
| -- |
RM Associates, |
| Fecha de producción, publicación, distribución, fabricación o copyright |
2002 |
| 300 ## - DESCRIPCIÓN FÍSICA |
| Extensión |
1 videodisc (DVD) (63 min + 25 min d'extres): |
| Otras características físicas |
color, so; |
| Dimensiones |
19 cm + |
| Material acompañante/anejo |
1 llibret (25 pàgines) |
| 336 ## - TIPO DE CONTENIDO |
| Término de tipo de contenido |
imatge en moviment bidimensional |
| Código de tipo de contenido |
tdi |
| Fuente |
rdacontent |
| 337 ## - TIPO DE MEDIO |
| Nombre/término del tipo de medio |
vídeo |
| Código del tipo de medio |
v |
| Fuente |
rdamedia |
| 338 ## - TIPO DE SOPORTE |
| Nombre/término del tipo de soporte |
videodisc |
| Código del tipo de soporte |
vd |
| Fuente |
rdacarrier |
| 344 ## - CARACTERÍSTICAS DE SONIDO |
| Tipo de grabación |
digital |
| Medio de grabación |
òptic |
| Configuración de los canales de reproducción del sonido |
estèreo |
| Características especiales de reproducción |
Dolby digital 5.1 |
| Fuente |
rda |
| 346 ## - CARACTERÍSTICAS DE VÍDEO |
| Estándar de emisión |
PAL |
| 347 ## - CARACTERÍSTICAS DEL ARCHIVO DIGITAL |
| Tipo de archivo |
fitxer vídeo |
| Formato de codificación |
DVD vídeo |
| Codificación regional |
totes les regions |
| Fuente |
rda |
| 500 ## - NOTA GENERAL |
| Nota general |
Format de pantalla (16:9) |
| 508 ## - NOTA DE CRÉDITOS DE CREACIÓN O PRODUCCIÓN |
| Nota de créditos de creación o producción |
Crèdits de les músiques de l'espectacle: Frates (For piano and violin) / Gidon Kremer violin, Keith Jarrett piano -- Fratres (For 12 cellos) / the 12 cellist of The Berlin Philharmonic Orchestra -- Cantus in Memory of Benjamin Britten / Staatsorchester Stuttgart ; conducted by Dennis Russel Davies -- Tabula Rasa / Gidon Kremer violin, Tatjana Grindenko violin, Alfred Schnittke prepared piano ; Lithuanian Chamber Music Orchestra ; conducted by Saulus Sondeckis -- Darf ich... / Gidon Kremer violin ; Kremerata Baltica |
| 508 ## - NOTA DE CRÉDITOS DE CREACIÓN O PRODUCCIÓN |
| Nota de créditos de creación o producción |
Lighting desing Chang Tsan-Tao ; set desing Austin Wang ; costume design Chen Wan-Li ; A BFMI production for RM Associates / Hessischer Rundfunk in association with ARTE in co-production with YLE TV 1, YLE Teema, PTS, SF DRS |
| 511 ## - NOTA DE PARTICIPANTES O INTÉRPRETES |
| Nota de participantes o intérpretes |
Ballarins: Huang Sheng‑Kai, Sung Chao‑Chiun, Tang Kuo‑Feng, Tsai Ming‑Yuan,Tsao Kuei‑Hsing, Wang Chih‑Hao, Wu I‑Fang, Lin Tzu-Chun, Chu I-Wen, Chou Wei-Ping, Huang Pei-Hua, Lin Ya-Wen, Wen Ching-Ching, Yang I-Chun, Sheu Fang-Yi, Chou Chang-Ning, i altres |
| 520 ## - SUMARIO, ETC. |
| Sumario, etc. |
"En Bamboo Dream, el Cloud Gate Dance Theatre de Taiwán realiza un impresionante programa de baile moderno inspirado en el bambú de hoja perenne. Muy elogiado por los poetas a lo largo de los siglos, el bambú simboliza la integridad y la elegancia simple y también es objeto de muchas historias y leyendas. En el folclore chino, los bosques de bambú son el hogar de ninfas y dioses y sirven como refugio para los sabios en tiempos de peligro político. A diferencia de las otras obras del coreógrafo Lin Hwai-min, que se realizan típicamente en un estilo ballético prolongado, Bamboo Dream se caracteriza por secuencias vigorosas, parecidas a la danza, algunas de las cuales son positivamente occidentales/europeas en términos de dinámica, gesto y expresión. El Cloud Gate Dance Theatre de Taiwán realiza estos bailes con una combinación de algunas de las piezas más conocidas del compositor estonio Arvo Pärt y melodías improvisadas por el flautista chino Huang Sheng-Kai." --- amazon.com |
| 546 ## - NOTA DE LENGUA/LENGUAJE |
| Nota de lengua/lenguaje |
Taula de contiguts en anglès, alemany, francès i castellà i subtítols en anglès, alemany, francès i castellà. Fullet en anglès i alemany |
| 650 #4 - PUNTO DE ACCESO ADICIONAL DE MATERIA--TÉRMINO DE MATERIA |
| Término de materia o nombre geográfico como elemento de entrada |
Dansa contemporània |
| Subdivisión general |
Coreografies |
| 9 (RLIN) |
56603 |
| 655 #4 - TÉRMINO DE INDIZACIÓN--GÉNERO/FORMA |
| Datos o término principal de género/forma |
Dansa filmada |
| 9 (RLIN) |
168293 |
| 700 1# - ENTRADA AGREGADA--NOMBRE PERSONAL |
| Nombre de persona |
Pärt, Arvo |
| Término indicativo de función/relación |
compositor |
| 9 (RLIN) |
88678 |
| 700 1# - ENTRADA AGREGADA--NOMBRE PERSONAL |
| Nombre de persona |
Lin, Huaimin |
| Término indicativo de función/relación |
coreògraf |
| 9 (RLIN) |
123670 |
| 700 1# - ENTRADA AGREGADA--NOMBRE PERSONAL |
| Nombre de persona |
MacGibbon, Ross |
| Término indicativo de función/relación |
director cinematogràfic |
| 9 (RLIN) |
30789 |
| 700 12 - ENTRADA AGREGADA--NOMBRE PERSONAL |
| Información de relación/Frase instructiva de referencia |
Contenidor de (obra) |
| Nombre de persona |
MacGibbon, Ross. |
| Título de la obra |
Secret of the bamboo grove |
| 9 (RLIN) |
169278 |
| 710 2# - ENTRADA AGREGADA--NOMBRE DE ENTIDAD CORPORATIVA |
| Nombre de entidad corporativa o nombre de jurisdicción como elemento de entrada |
Cloud Gate Dance Theatre of Taiwan |
| Término indicativo de función/relación |
ballarí |
| 9 (RLIN) |
93894 |
| 908 ## - COLOCAR PARÁMETRO DE COMANDO (RLIN) |
| Colocar parámetro de comando |
CDMAE |
| 940 ## - EQUIVALENCIA O REFERENCIA-CRUZADA--TÍTULO UNIFORME [OBSOLETO] [solamente CAN/MARC] |
| Título uniforme |
<a href="CDMAE">CDMAE</a> |
| 942 ## - ELEMENTOS DE ENTRADA AGREGADA (KOHA) |
| Fuente del sistema de clasificación o colocación |
Clasificación decimal universal |
| Tipo de ítem Koha |
Vídeo |